000 00371nam a22001217a 4500
008 230629b xxu||||| |||| 00| 0 eng d
082 _a334.09
_bHYD
100 _cGoran Hyden
245 _aEffiency Versus Distribution in East African Cooperatives
_bA study in Organizational Conflicts
260 _bEast African Literature Bureau
_c1973
300 _a254p
942 _2ddc
_cBK
999 _c2952
_d2952